A szegedi élelmiszerkereskedelemről, a népművelési osztály munkatársairól és a színház átvételéről tárgyalt a Városi Tanács végrehajtó bizottsága

Elmentve itt :
Bibliográfiai részletek
Dokumentumtípus: Cikk
Megjelent: 1956-07-05
Sorozat:Délmagyarország
Kulcsszavak:Duka Antalné, Horváth Jenő, Városi ügyek Szeged 1956, Művelődésügy Szeged 1956
Online Access:http://dmarchiv.bibl.u-szeged.hu/78761
LEADER 00597nab a2200145 i 4500
001 delm78761
005 20180928084355.0
008 180928s1956 hu o 0|| hun d
040 |a SZTE Délmagyarország Archívum  |b hun 
041 |a hun 
245 0 2 |a A szegedi élelmiszerkereskedelemről, a népművelési osztály munkatársairól és a színház átvételéről tárgyalt a Városi Tanács végrehajtó bizottsága  |h [elektronikus dokumentum] 
260 |c 1956-07-05 
300 |a 3 
490 0 |a Délmagyarország 
695 |a Duka Antalné, Horváth Jenő, Városi ügyek Szeged 1956, Művelődésügy Szeged 1956